Diccionario inglés-español cuyás /

Guardado en:
Autor Principal: Cuyás, Armengol Antonio
Formato: Libro
Publicado: España : Hymsa, 1979
Edición:37a. ed.
Materias:
Etiquetas: Agregar Etiqueta
Sin Etiquetas, Sea el primero en etiquetar este registro!
LEADER 00524nam a22001695a 4500
001 CEM.cems016541
005 20100311154251.0
008 130507s1979##################000#0#####d
003 CEMS
082 0 4 |a C423.6 
100 1 |a Cuyás, Armengol Antonio 
245 1 0 |a Diccionario inglés-español cuyás /  |c Antonio Cuyás Armengol, Alberto Del Castillo Yurrita 
250 |a 37a. ed. 
260 |a España :  |b Hymsa,  |c 1979 
300 |a 366 p. 
653 |a Biblioteca agricu 
859 |a CEMS  |b BIB. CEMS - Agricultura  |h C423.6  |i C989  |p A16908.93  |t Ej.1